000 00343nam a2200097 4500
999 _c511611
_d511611
082 _aB3x54 In2/2019
100 _aIndia. Department of Administrative Reforms & Public Grievances
_911600
245 _aEthics and accountability in governance & redressal of public grievances - the Indian experience
260 _a2019
_bThe author
300 _a25p.